000
00272nam a2200121Ia 4500
005
20260328101454.0
008
260328s9999||||xx |||||||||||||| ||und||
245
0
_a
Nanimarquina :
_b
Catalogue /
260
_b
Proces
300
_a
322 p.
650
_a
CATÁLOGOS
942
_c
BK
999
_c
8760
_d
8760